[Event "Budapest Gyorgy Memorial 1st"]
[Site "Budapest"]
[Date "2016.11.13"]
[Round "6.1"]
[White "Gorog, Almos"]
[Black "Subjakova, Kristina"]
[Result "1-0"]
[WhiteElo "2009"]
[BlackElo "1450"]
[PlyCount "37"]
[EventDate "2016.11.10"]
[EventType "swiss"]
[EventRounds "7"]
[EventCountry "HUN"]
[SourceTitle "EXT 2018"]
[Source "ChessBase"]
[SourceDate "2017.10.13"]
[SourceVersion "1"]
[SourceVersionDate "2017.10.13"]
[SourceQuality "1"]

1. c4 Nf6 2. g3 g6 3. Bg2 Bg7 4. Nc3 0-0 5. e4 d6 6. Nge2 e5 7. 0-0 Nc6 8. h3 h5 9. f4 Nh7 10. d3 h4 11. f5 hxg3 12. Nxg3 Qh4 13. Kh2 gxf5 14. Nxf5 Bxf5 15. Rxf5 Nd4 16. Rh5 Qf2 17. Nd5 c6 18. Ne7+ Kh8 19. Rxh7+ 1-0

[Event "HUN-chT U18"]
[Site "Hajduboszormeny"]
[Date "2016.11.02"]
[Round "1.49"]
[White "Gorog, Almos"]
[Black "Bali, Adam"]
[Result "1/2-1/2"]
[WhiteElo "2031"]
[BlackElo "1970"]
[PlyCount "87"]
[EventDate "2016.11.02"]
[EventType "team-swiss"]
[EventRounds "8"]
[EventCountry "HUN"]
[SourceTitle "CBM 175 Extra"]
[Source "ChessBase"]
[SourceDate "2016.12.12"]
[SourceVersion "1"]
[SourceVersionDate "2016.12.12"]
[SourceQuality "1"]

1. c4 e6 2. g3 Nf6 3. Bg2 d5 4. Nf3 Be7 5. 0-0 0-0 6. b3 c6 7. Bb2 Nbd7 8. d4 b6 9. Nbd2 Bb7 10. Qc2 c5 11. Rad1 cxd4 12. Bxd4 Qc7 13. Qb2 Ne8 14. Rc1 Qd8 15. cxd5 Bxd5 16. Rfd1 Bf6 17. Nc4 Qe7 18. Nfe5 Nxe5 19. Bxe5 Bxg2 20. Kxg2 Bxe5 21. Nxe5 Qb7+ 22. Kg1 Nf6 23. Rc4 Rac8 24. Ng4 Nxg4 25. Rxg4 g6 26. Rgd4 Qb8 27. Rd7 Rcd8 28. Qf6 Rxd7 29. Rxd7 a6 30. h4 Qc8 31. Qd4 Qc2 32. Qd2 Qc5 33. Qd4 Qc2 34. Qd2 Qc5 35. a4 Rc8 36. Qf4 Qc1+ 37. Qxc1 Rxc1+ 38. Kg2 Rb1 39. Rd3 Kf8 40. Kf3 Ke7 41. Ke3 Rc1 42. Kf4 Rc5 43. Ke3 f6 44. Kf3 1/2-1/2

[Event "Liptovsky Mikulas CupT U20"]
[Site "Liptovsky Mikulas"]
[Date "2016.06.24"]
[Round "6.1"]
[White "Gorog, Almos"]
[Black "Suchomelova, Simona"]
[Result "1/2-1/2"]
[WhiteElo "1976"]
[BlackElo "1833"]
[PlyCount "59"]
[EventDate "2016.06.21"]
[EventType "team-swiss"]
[EventRounds "8"]
[EventCountry "SVK"]
[SourceTitle "CBM 173 Extra"]
[Source "ChessBase"]
[SourceDate "2016.08.29"]
[SourceVersion "1"]
[SourceVersionDate "2016.08.29"]
[SourceQuality "1"]
[WhiteTeam "Budapest EAC (U20)"]
[BlackTeam "Svetla nad Sazavou U20"]
[WhiteTeamCountry "HUN"]
[BlackTeamCountry "CZE"]

1. c4 e5 2. Nc3 Nf6 3. g3 d5 4. cxd5 Nxd5 5. Bg2 Ne7 6. Nf3 Nbc6 7. 0-0 g6 8. d3 Bg7 9. Bg5 h6 10. Be3 0-0 11. Rc1 Nd4 12. Qd2 Kh7 13. Bxd4 exd4 14. Ne4 Be6 15. a3 a5 16. Qc2 Rc8 17. h4 b6 18. Kh2 c5 19. Rh1 Kg8 20. Bh3 Bxh3 21. Kxh3 Qd5 22. Qc4 Qxc4 23. Rxc4 f5 24. Nd6 Rc6 25. Nb5 Re6 26. Re1 Nd5 27. Kg2 Rf7 28. Rc2 Rfe7 29. Kf1 Bf6 30. Rc4 1/2-1/2

[Event "Liptovsky Mikulas CupT U20"]
[Site "Liptovsky Mikulas"]
[Date "2016.06.23"]
[Round "4.1"]
[White "Janecek, Miroslav"]
[Black "Gorog, Almos"]
[Result "1/2-1/2"]
[WhiteElo "1454"]
[BlackElo "1976"]
[PlyCount "64"]
[EventDate "2016.06.21"]
[EventType "team-swiss"]
[EventRounds "8"]
[EventCountry "SVK"]
[SourceTitle "CBM 173 Extra"]
[Source "ChessBase"]
[SourceDate "2016.08.29"]
[SourceVersion "1"]
[SourceVersionDate "2016.08.29"]
[SourceQuality "1"]
[WhiteTeam "Opavsko (U20) II"]
[BlackTeam "Budapest EAC (U20)"]
[WhiteTeamCountry "CZE"]
[BlackTeamCountry "HUN"]

1. d4 Nf6 2. c4 g6 3. Nc3 d5 4. cxd5 Nxd5 5. e4 Nxc3 6. bxc3 Bg7 7. Bc4 0-0 8. Ne2 c5 9. Be3 cxd4 10. cxd4 Nc6 11. 0-0 Bg4 12. f3 Na5 13. Bxf7+ Rxf7 14. fxg4 Rxf1+ 15. Qxf1 Qd7 16. h3 Rf8 17. Qd1 b5 18. Kh1 Rd8 19. Qd3 a6 20. a4 Nc4 21. Bg1 e6 22. Rb1 Ne5 23. Qg3 Nc6 24. axb5 axb5 25. Rxb5 Nxd4 26. Nxd4 Bxd4 27. Rb8 Bxg1 28. Rxd8+ Qxd8 29. Kxg1 Qd4+ 30. Kh2 Qxe4 31. Qd6 Qd5 32. Qe7 e5 1/2-1/2

[Event "Liptovsky Mikulas CupT U20"]
[Site "Liptovsky Mikulas"]
[Date "2016.06.21"]
[Round "1.1"]
[White "Gorog, Almos"]
[Black "Chwistek, Karel"]
[Result "1/2-1/2"]
[WhiteElo "1976"]
[BlackElo "1945"]
[PlyCount "56"]
[EventDate "2016.06.21"]
[EventType "team-swiss"]
[EventRounds "8"]
[EventCountry "SVK"]
[SourceTitle "CBM 173 Extra"]
[Source "ChessBase"]
[SourceDate "2016.08.29"]
[SourceVersion "1"]
[SourceVersionDate "2016.08.29"]
[SourceQuality "1"]
[WhiteTeam "Budapest EAC (U20)"]
[BlackTeam "Opavsko (U20)"]
[WhiteTeamCountry "HUN"]
[BlackTeamCountry "CZE"]

1. c4 Nf6 2. g3 g6 3. Bg2 Bg7 4. Nc3 0-0 5. e4 e5 6. Nge2 Nc6 7. 0-0 d6 8. d3 Nd7 9. Be3 f5 10. Rc1 Nf6 11. Nd5 Nh5 12. b4 f4 13. gxf4 exf4 14. Nexf4 Nxf4 15. Bxf4 Nxb4 16. Bxd6 cxd6 17. Nxb4 Qh4 18. d4 Bh6 19. Rc3 Bf4 20. h3 g5 21. Nd5 g4 22. Nxf4 Rxf4 23. hxg4 Bxg4 24. f3 Raf8 25. fxg4 Rxf1+ 26. Bxf1 Qf2+ 27. Kh1 Qxf1+ 28. Qxf1 Rxf1+ 1/2-1/2

[Event "HUN-chT U18"]
[Site "Budapest"]
[Date "2015.08.30"]
[Round "8.44"]
[White "Gorog, Almos"]
[Black "Gombocz, Zsofia"]
[Result "1/2-1/2"]
[WhiteElo "1912"]
[BlackElo "1762"]
[PlyCount "146"]
[EventDate "2015.08.26"]
[EventType "team-swiss"]
[EventRounds "8"]
[EventCountry "HUN"]
[SourceTitle "EXT 2016"]
[Source "ChessBase"]
[SourceDate "2015.10.08"]
[SourceVersion "1"]
[SourceVersionDate "2015.10.08"]
[SourceQuality "1"]

1. c4 e5 2. g3 Nf6 3. Nc3 Be7 4. Bg2 Nc6 5. e3 d6 6. Nge2 Bf5 7. d4 0-0 8. a3 Qd7 9. b4 exd4 10. Nxd4 Nxd4 11. Qxd4 c6 12. Bb2 Bh3 13. 0-0 Bxg2 14. Kxg2 Qe6 15. e4 c5 16. Qd3 Nd7 17. Nd5 Rac8 18. f4 Bd8 19. f5 Qe8 20. f6 Ne5 21. Qe2 g6 22. Qd2 Kh8 23. Bxe5 Qxe5 24. Rae1 a6 25. Qh6 Rg8 26. Rf4 g5 27. Rf5 Qb2+ 28. Kf1 Qd2 29. Qh5 Rg6 30. Rd1 Qc2 31. Qe2 Qxe2+ 32. Kxe2 cxb4 33. axb4 Rxc4 34. Kd3 Rc8 35. Ne7 Bxe7 36. fxe7 Kg7 37. Rdf1 f6 38. Rd5 Re8 39. Rxd6 Rxe7 40. Kd4 Rc7 41. Rb6 Rh6 42. Rf2 Rg6 43. Kd5 Rf7 44. g4 Kf8 45. Re6 Rd7+ 46. Kc5 Kf7 47. Rb6 Ke7 48. Rf5 Rc7+ 49. Kd4 Rd7+ 50. Rd5 Rc7 51. Kd3 Rg8 52. Rdd6 Rgc8 53. Re6+ Kf7 54. Rxf6+ Kg7 55. Kd4 Rc2 56. Ke5 Re8+ 57. Rfe6 Rxe6+ 58. Kxe6 Rc7 59. Rd6 Rc4 60. Rd7+ Kg6 61. Rxb7 Rxe4+ 62. Kd5 Rxg4 63. Rb6+ Kf7 64. Kc5 Rg2 65. Rh6 Kg7 66. Rh3 Ra2 67. Kb6 Kg6 68. Rc3 Rxh2 69. Kxa6 Rb2 70. b5 Kf5 71. Rh3 g4 72. Rxh7 g3 73. Rg7 Kf4 1/2-1/2

[Event "HUN-chT U18"]
[Site "Budapest"]
[Date "2015.08.27"]
[Round "2.44"]
[White "Gorog, Almos"]
[Black "Nayhebaver, Martin"]
[Result "0-1"]
[WhiteElo "1912"]
[BlackElo "2404"]
[PlyCount "56"]
[EventDate "2015.08.26"]
[EventType "team-swiss"]
[EventRounds "8"]
[EventCountry "HUN"]
[SourceTitle "EXT 2016"]
[Source "ChessBase"]
[SourceDate "2015.10.08"]
[SourceVersion "1"]
[SourceVersionDate "2015.10.08"]
[SourceQuality "1"]

1. c4 e5 2. Nc3 Nc6 3. g3 Nf6 4. Bg2 Bc5 5. e3 0-0 6. Nge2 d6 7. 0-0 Bf5 8. a3 a5 9. d4 Bb6 10. c5 dxc5 11. dxe5 Nd7 12. f4 c4 13. Bxc6 bxc6 14. Nd4 Bd3 15. Nxc6 Qe8 16. Re1 Nc5 17. Nd4 Rd8 18. Qg4 f6 19. e6 f5 20. Qf3 Nxe6 21. Nxe6 Qxe6 22. Na4 Be4 23. Qe2 Ba7 24. Nc3 Bb7 25. Kf1 Rd3 26. e4 Qb6 27. Kg2 Rxc3 28. bxc3 Bxe4+ 0-1

[Event "Elekes Memorial op"]
[Site "Budapest"]
[Date "2015.07.22"]
[Round "5"]
[White "Torok, Tamas Titusz"]
[Black "Gorog, Almos"]
[Result "0-1"]
[WhiteElo "2128"]
[BlackElo "1850"]
[PlyCount "50"]
[EventDate "2015.07.18"]
[EventType "swiss"]
[EventRounds "9"]
[EventCountry "HUN"]
[SourceTitle "EXT 2016"]
[Source "ChessBase"]
[SourceDate "2015.10.08"]
[SourceVersion "1"]
[SourceVersionDate "2015.10.08"]
[SourceQuality "1"]

1. b3 d5 2. Bb2 Bf5 3. Nf3 e6 4. d3 Nf6 5. Nbd2 Nbd7 6. Nh4 Bg6 7. Nxg6 hxg6 8. g3 Bc5 9. d4 Bd6 10. Bg2 c6 11. 0-0 Qe7 12. c4 a5 13. e4 Nxe4 14. Nxe4 dxe4 15. Bxe4 g5 16. Qf3 Qf6 17. Bxc6 bxc6 18. Qxc6 Ke7 19. c5 Bxc5 20. dxc5 Qxb2 21. Qd6+ Ke8 22. Rad1 Ne5 23. Kg2 Qe2 24. Rfe1 Qf3+ 25. Kg1 Ng4 0-1

[Event "Elekes Memorial op"]
[Site "Budapest"]
[Date "2015.07.20"]
[Round "3"]
[White "Marta, Dominik"]
[Black "Gorog, Almos"]
[Result "1/2-1/2"]
[WhiteElo "2097"]
[BlackElo "1850"]
[PlyCount "34"]
[EventDate "2015.07.18"]
[EventType "swiss"]
[EventRounds "9"]
[EventCountry "HUN"]
[SourceTitle "EXT 2016"]
[Source "ChessBase"]
[SourceDate "2015.10.08"]
[SourceVersion "1"]
[SourceVersionDate "2015.10.08"]
[SourceQuality "1"]

1. Nf3 Nf6 2. g3 g6 3. Bg2 Bg7 4. 0-0 0-0 5. d4 d5 6. c4 c6 7. Nc3 dxc4 8. Ne5 Be6 9. f4 Qc8 10. a4 a5 11. e4 Rd8 12. Bf3 Nbd7 13. Qe2 Bh3 14. Rd1 Nxe5 15. fxe5 Ng4 16. Qxc4 Qb8 17. Bg5 Qa7 1/2-1/2

[Event "Budapest op 4th"]
[Site "Budapest"]
[Date "2014.08.22"]
[Round "7"]
[White "Abraham, Lajos"]
[Black "Gorog, Almos"]
[Result "1-0"]
[WhiteElo "1803"]
[BlackElo "1627"]
[PlyCount "65"]
[EventDate "2014.08.16"]
[EventType "swiss"]
[EventRounds "9"]
[EventCountry "HUN"]
[SourceTitle "CBM 161 Extra"]
[Source "ChessBase"]
[SourceDate "2014.08.29"]
[SourceVersion "1"]
[SourceVersionDate "2014.08.29"]
[SourceQuality "1"]

1. d4 Nf6 2. c4 e5 3. dxe5 Ng4 4. Nf3 Bc5 5. e3 Nc6 6. e6 fxe6 7. Nd4 Nge5 8. Nxc6 Qf6 9. Qh5+ Ng6 10. Qxc5 dxc6 11. Nc3 Bd7 12. Ne4 Qf7 13. Be2 b6 14. Qg5 c5 15. 0-0 h6 16. Qg3 0-0-0 17. Bh5 Be8 18. Bxg6 Qxg6 19. Qxg6 Bxg6 20. Nc3 Bd3 21. Rd1 Bxc4 22. Rxd8+ Rxd8 23. e4 b5 24. Be3 b4 25. Na4 Bxa2 26. Nxc5 e5 27. g3 b3 28. Kf1 a5 29. Ke2 Rd6 30. Rd1 Rc6 31. Rd5 Kb8 32. Rd8+ Ka7 33. Nxb3+ 1-0

[Event "Budapest op 4th"]
[Site "Budapest"]
[Date "2014.08.18"]
[Round "3"]
[White "Kalmar, Karoly"]
[Black "Gorog, Almos"]
[Result "1/2-1/2"]
[WhiteElo "1942"]
[BlackElo "1627"]
[PlyCount "84"]
[EventDate "2014.08.16"]
[EventType "swiss"]
[EventRounds "9"]
[EventCountry "HUN"]
[SourceTitle "CBM 161 Extra"]
[Source "ChessBase"]
[SourceDate "2014.08.29"]
[SourceVersion "1"]
[SourceVersionDate "2014.08.29"]
[SourceQuality "1"]

1. e4 e6 2. d4 d5 3. Nd2 Be7 4. Ngf3 Nf6 5. e5 Nfd7 6. Bd3 c5 7. c3 b6 8. Qe2 cxd4 9. cxd4 a5 10. 0-0 Ba6 11. Re1 g5 12. Nf1 g4 13. N3d2 h5 14. f4 Bxd3 15. Qxd3 Nc6 16. Ne3 b5 17. a3 Qb6 18. Nc2 0-0-0 19. Nf1 a4 20. Bd2 Kb7 21. Rac1 Na5 22. Bxa5 Qxa5 23. Nd2 Rc8 24. Ne3 Nb6 25. Rb1 Nc4 26. Re2 Nxe3 27. Rxe3 Rc6 28. b3 Bxa3 29. bxa4 Rc1+ 30. Kf2 Rxb1 31. Nxb1 Bc1 32. Re2 Qxa4 33. g3 h4 34. Kg2 hxg3 35. hxg3 Rh3 36. Rf2 b4 37. Nd2 Bxd2 38. Rxd2 Kb6 39. Rb2 Qb5 40. Qd2 Ka5 41. Ra2+ Kb6 42. Rb2 Ka5 1/2-1/2

[Event "Budapest op 4th"]
[Site "Budapest"]
[Date "2014.08.16"]
[Round "1"]
[White "Zoldy, Robert"]
[Black "Gorog, Almos"]
[Result "1/2-1/2"]
[WhiteElo "2029"]
[BlackElo "1627"]
[PlyCount "36"]
[EventDate "2014.08.16"]
[EventType "swiss"]
[EventRounds "9"]
[EventCountry "HUN"]
[SourceTitle "CBM 161 Extra"]
[Source "ChessBase"]
[SourceDate "2014.08.29"]
[SourceVersion "1"]
[SourceVersionDate "2014.08.29"]
[SourceQuality "1"]

1. e4 e6 2. d4 d5 3. Nc3 Bb4 4. exd5 exd5 5. Bd3 Nf6 6. Nge2 0-0 7. 0-0 b6 8. Bg5 Be7 9. Nf4 Bb7 10. Qf3 Nbd7 11. Rfe1 h6 12. Bxf6 Nxf6 13. Re3 c5 14. Rae1 Bd6 15. Nb5 Bb8 16. Re7 Bc6 17. c4 Bxb5 18. cxb5 Bd6 1/2-1/2

[Event "Budapest op 08"]
[Site "Budapest"]
[Date "2012.08.25"]
[Round "8"]
[White "Bella, Zsolt"]
[Black "Gorog, Almos"]
[Result "0-1"]
[WhiteElo "1369"]
[BlackElo "1435"]
[PlyCount "74"]
[EventDate "2012.08.18"]
[EventType "swiss"]
[EventRounds "9"]
[EventCountry "HUN"]
[SourceTitle "EXT 2014"]
[Source "ChessBase"]
[SourceDate "2013.11.20"]
[SourceVersion "1"]
[SourceVersionDate "2013.11.20"]
[SourceQuality "1"]

1. d4 Nf6 2. c4 g6 3. Nc3 d5 4. Nf3 Bg7 5. Qc2 c6 6. e4 dxe4 7. Nxe4 Na6 8. a3 0-0 9. Bd3 Bg4 10. Ne5 Be6 11. Ng5 Qxd4 12. Nef3 Qd6 13. Nxe6 Qxe6+ 14. Be3 Ng4 15. 0-0 Nxe3 16. fxe3 Qxe3+ 17. Kh1 Nc5 18. Rae1 Qxd3 19. Qxd3 Nxd3 20. Rxe7 Nxb2 21. Rxb7 Nxc4 22. a4 Rfd8 23. Ng5 Nd6 24. Rc7 h6 25. Nf3 Rdc8 26. Rd7 Nf5 27. g4 Ne3 28. Rf2 Rab8 29. Nd2 Rd8 30. Rfxf7 Rxd7 31. Rxd7 Bc3 32. Kg1 Rf8 33. h3 a5 34. Ne4 Rf1+ 35. Kh2 Be5+ 36. Ng3 Rf2+ 37. Kg1 Bxg3 0-1

[Event "Budapest op 08"]
[Site "Budapest"]
[Date "2012.08.22"]
[Round "6"]
[White "Gorog, Almos"]
[Black "Karacsonyi, Kata"]
[Result "1-0"]
[WhiteElo "1435"]
[BlackElo "1238"]
[PlyCount "105"]
[EventDate "2012.08.18"]
[EventType "swiss"]
[EventRounds "9"]
[EventCountry "HUN"]
[SourceTitle "EXT 2014"]
[Source "ChessBase"]
[SourceDate "2013.11.20"]
[SourceVersion "1"]
[SourceVersionDate "2013.11.20"]
[SourceQuality "1"]

1. c4 Nf6 2. g3 Nc6 3. d4 e6 4. Nc3 d5 5. c5 e5 6. dxe5 Nxe5 7. Bf4 Ng6 8. Be3 Bf5 9. Bg2 c6 10. Nf3 Be7 11. h4 Bg4 12. Nd4 Bxc5 13. Nxc6 Qb6 14. Na4 Bb4+ 15. Nxb4 Qxb4+ 16. Bd2 Qc4 17. b3 Qd4 18. Be3 Qe5 19. Qd4 Qd6 20. Rd1 0-0 21. Bxd5 Qa6 22. Nc3 Rad8 23. Qc4 Qa5 24. b4 Qa3 25. Qb3 Qa6 26. Bxf7+ Kh8 27. 0-0 Qc6 28. b5 Qc7 29. Bd5 Rd7 30. Bg5 Rfd8 31. Bxf6 gxf6 32. Rd4 Bh3 33. Rfd1 Ne7 34. f4 Nxd5 35. Nxd5 Qd6 36. e4 Qe6 37. f5 Qf7 38. Qd3 Qg7 39. Qb3 Qg4 40. Qe3 Rf7 41. Nf4 Rg8 42. Rd8 Rff8 43. Ng6+ Kg7 44. R1d7+ Rf7 45. Rxf7+ Kxf7 46. Qb3+ Kg7 47. Rxg8+ Kh6 48. Qe3+ Kh5 49. Nf4+ Kh6 50. Ne6+ Kh5 51. Ng7+ Qxg7 52. Rxg7 Bg4 53. Rxh7# 1-0